ბათუმის შოთა რუსთაველის სახელმწიფო უნივერსიტეტის ბიბლიოთეკა

ჩემი ცხოვრების კვალდაკვალ : (ბიბ.ჩანაწერი № 63142)

000 -ლიდერი
ფიქსირებული სიგრძის საკონტროლო ველი 00864nam a22001937a 4500
003 - საკონტროლო ნომრის იდენტიფიკატორი
საკონტროლო ველი Ge_BSU
005 - ბოლო ოპერაციის თარიღი და დრო
საკონტროლო ველი 20250611164435.0
008 - ფიქსირებული სიგრძის მონაცემთა ელემენტები - ზოგადი ინფორმაცია
ფიქსირებული სიგრძის საკონტროლო ველი 250611s2019 ge ||||| |||| 00| 0 geo d
020 ## - წიგნის საერთაშორისო სტანდარტული ნომერი
International Standard Book Number 9789941819773
041 ## - ენის კოდი
Language code of text/sound track or separate title geo
080 ## - უნივერსალური ათობითი კლასიფიკაციის ინდექსი
Universal Decimal Classification number 821.353.1-94 ბ-29
100 ## - მთავარი ჩანაწერი - პიროვნების სახელი
Personal name ბასილაძე, ნოდარ
9 (RLIN) 25380
245 ## - ცნობა სათაურის შესახებ
Title ჩემი ცხოვრების კვალდაკვალ :
Remainder of title (მემუარები) /
Statement of responsibility, etc ნოდარ ბასილაძე; რედაქტორი მამია ფაღავა.
264 ## - წარმოების, გამოცემის, დისტრიბუციის და სხვა ცნობები
გამოცემის, წარმოების, დისტრიბუციის... ადგილი ბათუმი,
გამოცემის, წარმოების, დისტრიბუციის... თარიღი 2019.
300 ## - ფიზიკური აღწერა
Extent 174 გვ. :
Other physical details ფოტ. ;
Dimensions 20 სმ.
653 ## - INDEX TERM--UNCONTROLLED
Uncontrolled term ქართული მემუარული ლიტერატურა
700 ## - ADDED ENTRY--PERSONAL NAME
Personal name ფაღავა, მამია
Relator term რედაქტორი
9 (RLIN) 25381
942 ## - ADDED ENTRY ELEMENTS (KOHA)
Source of classification or shelving scheme
Koha item type წიგნი

არაა ხელმისაწვდომი ეგზემპლარები.